| 000 | 00505nam a22001817a 4500 | ||
|---|---|---|---|
| 005 | 20251108164817.0 | ||
| 008 | 250721s1984 xx 000 0 ara d | ||
| 082 | 1 | 4 | _a616.12/أنت |
| 245 | 1 | 0 | _aأنت و متاعب القلب و ضغط الدم / |
| 264 | 1 |
_aالقاهره : _bدار الهلال، _c1984. |
|
| 300 | _a162ص | ||
| 490 | 0 | _aالكتاب الطبي | |
| 650 | 1 | 7 | _aالقلب |
| 650 | 1 | 7 | _aأمراض القلب |
| 650 | 1 | 7 | _aضغط الدم |
| 942 |
_2ddc _cBK |
||
| 999 |
_c14928 _d14928 |
||